000 00495nam a2200181Ia 4500
005 20250508164029.0
008 008 250505s9999 xx 000 0 hin d
037 _aReference
040 _aFEDL
_beng
_cFEDL
041 _ahin
_2eng
084 _a001.5, WIL
_qFEDL
100 _aWilliam Remond
_9777122
245 0 _aSanchar madhymon ka verg charitra
260 _aDelhi, India
_bGranth Shilpi
_c2000
300 _a175p
942 _cREF
_h001.5, WIL
999 _c1386671
_d1386671